| 000 | 03519nam0a2200361 4500 | ||
|---|---|---|---|
| 001 | RU\NLR\BIBL_A\022596197 | ||
| 005 | 20260420051635.0 | ||
| 010 |
_a978-5-9613-0760-3 _950 |
||
| 021 |
_aRU _bКН-П-25-033588 _9КН-П-25-3320 |
||
| 035 | _a(NLR Aleph) 022596197 | ||
| 090 |
_a13680369 _c13680369 |
||
| 100 | _a20250805d2023 u y0rusy50 ca | ||
| 101 | 0 | _arus | |
| 102 | _aRU | ||
| 105 | _aa|||j|||000yy | ||
| 181 | 0 |
_ai3 _baxxe |
|
| 182 | 0 | _an | |
| 200 | 1 |
_aЛогико-смысловые модели в эколого-ориентированном пространстве детства: комплекс игр и занятий по технологии В. Э. Штейнберга _eучебно-методическое пособие _eдля воспитателей ДОО, студентов среднего профессионального и высшего образования по направлениям подготовки: "Педагогическое образование", "Психолого-педагогическое образование" по профилю "Дошкольное образование", Педагогическое образование (с двумя профилями подготовки)(профиль) Родной (башкирский) язык, литература и дошкольное образование [и др.] _fШабаева Гузель Фагимовна, Тимербулатова Ольга Владимировна, Галимуллина Луиза Венеровна _gМинистерство просвещения Российской Федерации, Федеральное государственное бюджетное образовательное учреждение высшего образования "Башкирский государственный педагогический университет имени М. Акмуллы", Институт педагогики, Кафедра дошкольной педагогики и психологии, Министерство образования и науки Республики Башкортостан, МАДОУ ЦРР д/с № 15 "Сказка" г. Благовещенск РБ |
|
| 203 |
_aТекст _bвизуальный _cнепосредственный |
||
| 210 |
_aУфа _cМир печати _aБлаговещенск _c[б. и.] _d2023 |
||
| 215 |
_a74 с. _cил., табл. _d20 |
||
| 300 | _aНа обороте тит. с. 1-й и 2-й авт.: Шабаева Г. Ф., канд. пед. наук, доц., Тимербулатова О. В., воспитатель | ||
| 606 | 1 |
_aДидактические игры в детском саду _jУчебно-методические пособия _92446722 _3RU\NLR\AUTH\661455110 |
|
| 606 | 1 |
_aДошкольные учреждения _jУчебно-методические пособия _xВоспитательно-образовательная работа _xШтейберга В. Э. технология _92679124 _3RU\NLR\AUTH\6601760553 |
|
| 686 | 1 | _aЧ411.375.4я7 | |
| 686 | 1 | _aЧ411.38я7 | |
| 700 | 1 |
_aШабаева _bГ. Ф. _gГузель Фагимовна |
|
| 701 | 1 |
_aТимербулатова _bО. В. _gОльга Владимировна |
|
| 701 | 1 |
_aГалимуллина _bЛ. В. _gЛуиза Венеровна |
|
| 942 | _cBOOK | ||
| 980 | _aNB | ||